000 00731nam a22002537a 4500
008 130429b xxu||||| |||| 00| 0 eng d
020 _a81-7808-146-6
024 _cAvailable
037 _cAvailable
040 _aMBSTU LIBRARY
_dMBSTU LIBRARY
082 _222
_a005.73 WED
100 _aWeiss , Mark Allen.
110 _aR.A.Plastock.
245 _aData structures and algorithms analysis in c++
260 _aIndia
_bPearson Education Asia
_c2001
300 _a24 cm
_b498 page
_f6
_g24 cm.
600 _aData structures .
650 _2Data structures .
700 _aWeiss , Mark Allen.
270 _aIndia
_bIndia
_dIndia
365 _b502.00
_d502.00
942 _2ddc
_cBK
999 _c278
_d278